Nazwy pociągów PKP IC na stacji Łódź Widzew - Statystyki

Ogólne statystyki
  • Ten quiz został rozwiązany 74 razy
  • Średni wynik to 13 z 37
Statystyki odpowiedzi
Hint Odpowiedź % Poprawnych
IC Pobrzeże
64%
TLK Flisak
62%
TLK Chemik
60%
TLK Doker
59%
IC Hutnik
52%
IC Łodzianin
52%
IC Zosia
52%
IC Reymont
48%
IC Włókniarz
48%
IC Dąbrowska
47%
IC Asnyk
43%
IC Barbakan
41%
IC Tuwim
41%
IC Konopnicka
38%
IC Słowacki
38%
IC Witkacy
38%
IC Rubinstein
36%
IC Kociewie
34%
IC Mazury
33%
IC Baczyński
29%
IC Cegielski
29%
IC Jagna
29%
IC Łęcka
29%
IC Kazimierz
28%
IC Korczak
26%
IC Boryna
24%
IC Narew
22%
IC Prząśniczka
22%
IC Łużyce
21%
IC Parsęta
21%
TLK Uznam
19%
IC Soplica
17%
IC Czartoryski
16%
IC Słupia
16%
TLK Korsarz
12%
IC Bursztyn
9%
IC Kopernik
7%
Nie znaleziono quizów pasujących do podanych kryteriów
Rozkład punktacji
Procent ludzi z każdym wynikiem
Percentyl według liczby udzielonych odpowiedzi
Twoja historia wyników
Nie rozwiązałeś tego quizu